Hỏi đáp doanh thương quốc tế = Did you know ? Fascinating facts and fallacies about business /
Vấn đề thôn tính và sáp nhập công ty, kế toán, tài chính, đầu tư, pháp lý, doanh thương, kinh tế... Hoa Kỳ và các nước khác.
Enregistré dans:
| Auteur principal: | |
|---|---|
| Autres auteurs: | , , |
| Format: | Livre |
| Langue: | Vietnamese English |
| Publié: |
Tp.HCM :
Nxb Trẻ,
2000.
|
| Sujets: | |
| Tags: |
Ajouter un tag
Pas de tags, Soyez le premier à ajouter un tag!
|
| Thư viện lưu trữ: | Mạng thư viện Đại học Đà Nẵng |
|---|
| LEADER | 01350cam a2200409 a 4500 | ||
|---|---|---|---|
| 001 | 000042292 | ||
| 003 | 166 | ||
| 005 | 20110319073010.0 | ||
| 008 | 010217b2000 vm 000 vie | ||
| 020 | |c 28000 | ||
| 040 | |a IRC |c IRC |d IRC | ||
| 041 | 1 | |a vie |h eng | |
| 082 | 1 | 4 | |a 337 |b DE-D |
| 100 | 1 | |a Denton, D. Keith. | |
| 245 | 1 | 0 | |a Hỏi đáp doanh thương quốc tế = |b Did you know ? Fascinating facts and fallacies about business / |c D. Keith Denton, Charles Boyd ; Minh Đức, Hồ Kim Chung dịch. |
| 246 | 0 | 1 | |a Did you know ? Fascinating facts and fallacies about business. |
| 260 | |a Tp.HCM : |b Nxb Trẻ, |c 2000. | ||
| 300 | |a 303 tr. ; |c 20,5 cm. | ||
| 520 | 3 | |a Vấn đề thôn tính và sáp nhập công ty, kế toán, tài chính, đầu tư, pháp lý, doanh thương, kinh tế... Hoa Kỳ và các nước khác. | |
| 630 | 0 | 4 | |a Kinh tế. |
| 630 | 0 | 4 | |a Doanh thương. |
| 650 | 0 | 4 | |a Kinh doanh quốc tế. |
| 650 | 0 | 4 | |a Business. |
| 650 | 0 | 4 | |a Kinh tế quốc tế. |
| 700 | 1 | |a Boyd, Charles. | |
| 700 | 1 | |a Minh Đức, |e dịch. | |
| 700 | 1 | |a Hồ Kim Chung, |e dịch. | |
| OWN | |a DUT | ||
| 999 | |a From the UDN01 | ||
| TYP | |a Monograph | ||
| TYP | |a Printed language | ||
| 980 | |a Mạng thư viện Đại học Đà Nẵng | ||